000 01005nam a22002897a 4500
003 CHAP
005 20220329134809.0
008 971013s1964 r 00010 d
010 _a26107
011 _a27079
035 _a31180
040 _cCHAP
082 _a633.18
_bI58
110 _aInternational Rice Research Institute
_959779
245 _aRice genetics and cytogenetics
_b: proceedings of the Symposium on Rice Genetics and Cytogenetics, Los Baños, Philippines, 1963
260 _aAmsterdam :
_bElsevier,
_c1964
300 _a274 p.
_b: ilus
590 _aBATCH-UPD
_b10
_c20130110
_lUCH01
_h2121
590 _aBATCH-UPD
_b10
_c20130410
_lUCH01
_h1431
590 _aBATCH-UPD
_b10
_c20130914
_lUCH01
_h0408
590 _aCONVERSION
_b10
_c20130109
_lUCH01
_h1315
650 1 4 _aArroz
_xGenética.
_97613
901 _aBK
942 _cLIBRO
949 _a633.18 I58
_bBC
_cLIBRO
_d33724000217675
_eLIBRO
_h22308
_i31180
_si
949 _a633.18 I58
_bBC
_cLIBRO
_d33724000217683
_eLIBRO
_fc.2
_h11175
_i31180
_si
999 _c26107
_d26107